000 00389nam a2200157Ia 4500
100 _aKothari/D.P/ Nagrath/I.J
650 _aElectrical Engineering
942 _cBK
366 _f25
245 _aTheory and problems of Basic Electrical engineering
260 _bPrentice -Hall of India
_c1998
082 _a621.3
_bKOT
300 _a510
546 _aENGLISH
_cPAMPHALETS
999 _c27867
_d27867